000 01290cam a22003011i 4500
003 SA-RiAUC
005 20250930121714.0
008 250926s1967 ua g b 00010bara c
040 _aSA-RiAUC
_bara
_cSA-RiAUC
_erda
082 0 4 _a239.9
_qSA-RiAUC
090 _a239.9 ع ر ج
_bع ر ج
100 1 _aعرجون، محمد الصادق إبراهيم،
_d1903-1980
_eمؤلف.
245 1 0 _aخالد بن الوليد /
_cبقلم صادق إبراهيم عرجون.
250 _aالطبعة الثانية.
264 1 _aالقاهرة :
_bمكتبة الكليات الأزهرية،
_c1967
300 _a344 صفحة ؛
_c24 سم
336 _aنص
_btxt
_2rdacontent
_3كتاب
337 _aبدون وسيط
_bn
_2rdamedia
338 _aمجلد
_bnc
_2rdacarrier
504 _aيشتمل على إرجاعات ببليوجرافية.
600 0 7 _aخالد بن الوليد بن المغيرة المخزومي،
_dتوفي 21 هجري
_2aucnm
650 7 _aالقادة العسكريون
_vتراجم
_2aucsh
650 7 _aالقادة الدينيون (إسلام)
_vتراجم
_2aucsh
650 7 _aالصحابة والتابعون
_vتراجم
_2aucsh
942 _2ddc
_cBOOK
_n0
949 _aSA-JeALM
_d250926
_umohamedma123
_n1
999 _c12239
_d12239